000 00739nam a22002537a 4500
003 CHAP
005 20220329134526.0
008 971013s r 00010 d
010 _a21647
011 _a22619
035 _a26714
040 _cCHAP
090 _aR-1421
100 0 0 _aAskew, H.O.
_97965
245 _aDie-back in raspberries
_b: a boron deficiency ailment
500 _aSobretiro de: J. Horticultural Sci. 24(4):268-284, 1951
590 _aBATCH-UPD
_b10
_c20130110
_lUCH01
_h2149
590 _aCONVERSION
_b10
_c20130109
_lUCH01
_h1313
650 1 4 _aBoro
_xEfecto en frambuesa.
_913914
650 1 4 _aFrambuesa
_xEnfermedades.
_942873
901 _aBK
942 _cREIMP
949 _aR-1421
_bBC
_cR
_d-61582
_eTS1
_i26714
_si
999 _c21647
_d21647